Music Quiz

Random Music or Kpop Quiz

Guess The KPOP MV (MAMAMOO) Quiz Stats

 Plays Quiz not verified by Sporcle

Challenge
Share
Tweet
Score 0/10 Timer 10:00
0 Plays Today
% Correct
Piano Man
93.9%
Woohoo
82.3%
You're The Best
82%
Mr. Ambiguous
81.4%
Taller Than You
78%
AHH OOP!
73.5%
Girl Crush
70.7%
Um Oh Ah Yeh
70.1%
Peppermint Chocolate
56.1%
Don't Be Happy
55.2%

You're not logged in!

Compare scores with friends on all Sporcle quizzes.
Join for Free
OR
Log In

You Might Also Like...

Show Comments

Extras

Created Jul 6, 2016ReportNominate
Tags:Kpop Quiz, Kpop Quiz

Top Quizzes Today


Score Distribution

Your Account Isn't Verified!

In order to create a playlist on Sporcle, you need to verify the email address you used during registration. Go to your Sporcle Settings to finish the process.

Report this User

Report this user for behavior that violates our Community Guidelines.

Details: